<?xml version="1.0" encoding="UTF-8"?>
<record
    xmlns:xsi="http://www.w3.org/2001/XMLSchema-instance"
    xsi:schemaLocation="http://www.loc.gov/MARC21/slim http://www.loc.gov/standards/marcxml/schema/MARC21slim.xsd"
    xmlns="http://www.loc.gov/MARC21/slim">

  <leader>00822nam a22001937a 4500</leader>
  <datafield tag="999" ind1=" " ind2=" ">
    <subfield code="c">178461</subfield>
    <subfield code="d">178461</subfield>
  </datafield>
  <controlfield tag="005">20210331130044.0</controlfield>
  <datafield tag="010" ind1=" " ind2=" ">
    <subfield code="a">UR-11085</subfield>
  </datafield>
  <datafield tag="020" ind1=" " ind2=" ">
    <subfield code="c">150.00</subfield>
    <subfield code="a">-</subfield>
  </datafield>
  <datafield tag="035" ind1=" " ind2=" ">
    <subfield code="a">U-9640</subfield>
  </datafield>
  <datafield tag="037" ind1=" " ind2=" ">
    <subfield code="b">DBAD/PUB</subfield>
  </datafield>
  <datafield tag="082" ind1=" " ind2=" ">
    <subfield code="a">841</subfield>
  </datafield>
  <datafield tag="100" ind1=" " ind2=" ">
    <subfield code="a">&#x634;&#x628;&#x64A;&#x6C1; &#x632; &#x6C1;&#x631; &#x6C1; &#x62D;&#x633;&#x64A;&#x646;&#x6CC; &#x6A9;&#x627; &#x645;&#x648; &#x646;&#x67E;&#x648; &#x631; &#x6CC; </subfield>
  </datafield>
  <datafield tag="245" ind1=" " ind2=" ">
    <subfield code="a">&#x639;&#x642;&#x64A;&#x62F; &#x6C1; &#x62A;&#x648; &#x62D;&#x64A;&#x62F; &#x642;&#x631; &#x622; &#x6BA; &#x645;&#x62C;&#x64A;&#x62F; &#x627; &#x648; &#x631; &#x635;&#x62D;&#x627; &#x621;&#x641; &#x627; &#x621;&#x645;&#x6C1; &#x637;&#x627; &#x6C1;&#x631; &#x64A;&#x646; &#x6A9;&#x6CC; &#x631; &#x648; &#x634;&#x646;&#x6CC; &#x645;&#x64A;&#x6BA; </subfield>
    <subfield code="c">&#x634;&#x628;&#x64A;&#x6C1; &#x632; &#x6C1;&#x631; &#x6C1; &#x62D;&#x633;&#x64A;&#x646;&#x6CC; &#x6A9;&#x627; &#x645;&#x648; &#x646;&#x67E;&#x648; &#x631; &#x6CC; </subfield>
  </datafield>
  <datafield tag="246" ind1=" " ind2=" ">
    <subfield code="b">Aqidah Tauheed Quran Majeed Aur SahaefAyemmah Tahireen Ki Roshani mein (Urdu)</subfield>
    <subfield code="a">by Shabih Zehra Husaini Kamoonpuri </subfield>
  </datafield>
  <datafield tag="260" ind1=" " ind2=" ">
    <subfield code="a">U.P.</subfield>
    <subfield code="c">2021 &#x621;</subfield>
    <subfield code="b">Brown Books</subfield>
  </datafield>
  <datafield tag="270" ind1=" " ind2=" ">
    <subfield code="a">Opp. Blind School,Qila Road,Shamshad Market,Aligarh</subfield>
    <subfield code="b">Aligarh</subfield>
    <subfield code="e">202001</subfield>
    <subfield code="l">-</subfield>
  </datafield>
  <datafield tag="300" ind1=" " ind2=" ">
    <subfield code="a">89&#x635;   </subfield>
    <subfield code="c">22 Cm(Hb)</subfield>
  </datafield>
  <datafield tag="942" ind1=" " ind2=" ">
    <subfield code="2">ddc</subfield>
    <subfield code="c">UR</subfield>
    <subfield code="h">270</subfield>
    <subfield code="m">&#x634; &#x628; &#x6CC; </subfield>
  </datafield>
  <datafield tag="952" ind1=" " ind2=" ">
    <subfield code="0">0</subfield>
    <subfield code="1">0</subfield>
    <subfield code="4">0</subfield>
    <subfield code="7">0</subfield>
    <subfield code="8">NFIC</subfield>
    <subfield code="a">DBAD</subfield>
    <subfield code="b">L</subfield>
    <subfield code="d">2021-03-31</subfield>
    <subfield code="e">DBAD/PUB</subfield>
    <subfield code="g">150.00</subfield>
    <subfield code="l">0</subfield>
    <subfield code="o">270 &#x634; &#x628; &#x6CC;</subfield>
    <subfield code="p">U-9640</subfield>
    <subfield code="r">2021-03-31 00:00:00</subfield>
    <subfield code="t">1</subfield>
    <subfield code="v">150.00</subfield>
    <subfield code="w">2021-03-31</subfield>
    <subfield code="y">UR</subfield>
  </datafield>
</record>
